|
|
|
|
| LEADER |
00000cam a2200000 7i4500 |
| 001 |
0000027054 |
| 005 |
20161117.0 |
| 008 |
161111 my v eng |
| 040 |
|
|
|a INS
|
| 090 |
0 |
0 |
|a VCD 2460
|
| 245 |
0 |
0 |
|a CPD :
|b Landlord - are you rich or poor [
|h video recording] :
|b 23 Mei 2016
|
| 260 |
|
|
|a Kajang :
|b Institut Penilaian Negara ,
|c 2016
|
| 300 |
|
|
|a 4 video disc (4 hours) :
|b sound, color ;
|c 4 3/4 in.
|
| 500 |
|
|
|a Session 1 - Knowing how to get started. Speaker : Mr. Ahyat Ishak
|
| 500 |
|
|
|a Session 2 - Understanding how to get the most out of your properties. Speaker : Mr. Khairul Amal Hashim
|
| 500 |
|
|
|a Session 3 - Evaluate options to enhance the value of properties. Dialogue : 1. Dato' Sr Zaleha Baharum, 2. Mr. Nazri Mustafa, 3. Mr Mohd Amin Mohd Yussoff, 4. Mdm. Noor Sahura Abdul Molak
|
| 650 |
|
0 |
|a Landlord and tenant
|
| 710 |
1 |
|
|a Institut Penilaian Negara
|
| 999 |
|
|
|a VCD0002483
|b DIGITAL VIDEO CD
|c Media Collection
|e Default branch
|
| 999 |
|
|
|a VCD0002484
|b DIGITAL VIDEO CD
|c Media Collection
|e Default branch
|
| 999 |
|
|
|a VCD0002485
|b DIGITAL VIDEO CD
|c Media Collection
|e Default branch
|
| 999 |
|
|
|a VCD0002486
|b DIGITAL VIDEO CD
|c Media Collection
|e Default branch
|